Score 0/30 Timer 06:00
0 Plays Today
% Correct
Baton Rouge
84.6%
Oxford
83.8%
Florence
78.2%
Pittsburgh
77.8%
Dresden
75.6%
Warsaw
75%
Budapest
73.5%
Le Havre
72.8%
Bath
72.4%
Buenos Aires
71.9%
Shanghai
71.4%
Piacenza
69.2%
Washington DC
68.5%
Kilcullen
66.5%
Nantes
63%
% Correct
Bangkok
62.2%
Liverpool
61.7%
Moscow
61.4%
Kinshasa
61.3%
Vientiane
59.7%
São Paulo
58.2%
Smolensk
56.1%
Khartoum
54.9%
Lisbon
53.5%
Kolkata
49.1%
Ottawa
48.8%
Niamey
46.4%
Coatzacoalcos
43.5%
Diyarbakır
41.6%
Murray Bridge
29.9%

You're not logged in!

Compare scores with friends on all Sporcle quizzes.
OR
Log In

Sporcle TV

Today on Sporcle TV


Watch our educational content, quiz creation guides, and fun videos on Sporcle TV.

Show Comments

Extras

Top Quizzes Today


Score Distribution

Paid Content

Your Account Isn't Verified!

In order to create a playlist on Sporcle, you need to verify the email address you used during registration. Go to your Sporcle Settings to finish the process.

Report this User

Report this user for behavior that violates our Community Guidelines.

Details: